000 00937nam a2200253Ia 4500
003 OSt
005 20220923224525.0
006 a|||||r|||| 00| 0
007 ta
008 220922b |||||||| |||| 00| 0 hin d
020 _c300
024 _a238,782
037 _b587, 23/03/2009, Vani Prakashan
_cTextual
040 _aARTS
_cARTS
_bhin
041 _2hin
_ahin
082 _aY592J.2, 152P8
100 _aपेमाराम; चौधरी, विक्रमादित्य
_9168070
245 0 _aजाटों की गौरव गाथा
246 _aJāṭoan kī gaurav gāthā
260 _aजोधपुर
_b राजस्थानी ग्रन्थाकार
_c2008
300 _a304पृ.
_ccm.
942 _hY592J.2, 152P8
_cTEXL
_2CC
999 _c371968
_d371968